Europäische Wirtschaft Grundzüge der Wirtschaftspolitik 1994. Bericht über die Durchführung der Finanzhilfen für Drittländer. No. 58

Salvato in:
Dettagli Bibliografici
Natura: Libro
Lingua:tedesco
Pubblicazione: Brüssel EGKS-EWG-EAG (Europäische Gemeinschaft für Kohle und Stahl) 1994
Edizione:1. Aufl.
Soggetti:
Tags: Aggiungi Tag
Nessun Tag, puoi essere il primo ad aggiungerne!!

MARC

LEADER 00000nam a2200000 4500
001 c010063
005 20221205140459.8
041 0 |a ger 
044 |a LU 
245 1 0 |a Europäische Wirtschaft  |b Grundzüge der Wirtschaftspolitik 1994. Bericht über die Durchführung der Finanzhilfen für Drittländer. No. 58 
250 |a 1. Aufl. 
264 1 |a Brüssel  |b EGKS-EWG-EAG (Europäische Gemeinschaft für Kohle und Stahl)  |c 1994 
300 |a 198 s. 
610 2 0 |a Európa 
610 2 0 |a politika hospodárska medzinárodná 
610 2 0 |a pomoc finančná 
610 2 0 |a krajiny rozvojové 
610 2 0 |a údaje štatistické 
610 2 0 |a reformy hospodárske